| 000 | 01624cad a22002535a 4500 | ||
|---|---|---|---|
| 001 | L150341 | ||
| 008 | 100716s2010 xxkd f s 000 0 eng d | ||
| 035 | _a(Sirsi) u150472 | ||
| 041 | 0 | _aeng | |
| 050 | 0 | 4 | _a333.33 $2 18 |
| 110 | 2 |
_aColliers International _95548 |
|
| 245 | 0 | 0 |
_aProperty snapshot _bJuly 2010 _h[electronic resource] |
| 260 |
_aLondon _bColliers _c2010 |
||
| 490 | 0 |
_aUnited Kingdom Property Snapshot _vJuly 2010 |
|
| 520 | _aFears of renewed economic weakness remain despite the emergency Budget. Summer and re-assessment by funds of risk/return assumptions have slowed the investment market especially for secondary assets. Some retail occupiers are seeing reasonable sales growth with London again outperforming the rest of the UK. City Grade A demand remains strong with rising rents and the West End stable but few signs yet of further rental growth. Increasing confidence in the logistics/industrial is apparent but few transactions have taken place. Residential prices are plateauing with limited falls possible but the development market is hampered by lack of finance. | ||
| 590 | _aKA | ||
| 650 | 2 | 4 | _aCOLLIERS PROPERTY SNAPSHOT |
| 651 | 4 |
_aUnited Kingdom _y |
|
| 690 | _aPROPERTY-COMMERCIAL PROPERTY-COMMERCIAL PROPERTY MARKET | ||
| 690 | _aPROPERTY-RESIDENTIAL PROPERTY-RESIDENTIAL PROPERTY MARKET | ||
| 690 | _aPROPERTY-COMMERCIAL PROPERTY-COMMERCIAL PROPERTY FINANCE AND INVESTMENT | ||
| 856 | 4 | 0 |
_uhttps://www.colliers.com/Markets/UK/content/MarketReports/ResearchReports/20100712_Property_Snapshot.pdf _zView this report free of charge (PDF file) at www.colliers.com |
| 942 | _n0 | ||
| 999 |
_c110890 _d110890 |
||